| Record ID | ia:farfromtrue0000barc |
| Source | Internet Archive |
| Download MARC XML | https://archive.org/download/farfromtrue0000barc/farfromtrue0000barc_marc.xml |
| Download MARC binary | https://www.archive.org/download/farfromtrue0000barc/farfromtrue0000barc_meta.mrc |
LEADER: 04590cam 2200685Ki 4500
001 ocn927402691
003 OCoLC
005 20200610081159.0
008 151030s2016 enk 000 1 eng d
040 $aYDXCP$beng$erda$cYDXCP$dNZTPP$dOCLCQ$dSINLB$dOCLCO$dOCLCF$dOCLCO$dMYUML$dNZCAP$dOCLCO$dOCL$dCALHP$dYDX$dOCLCQ$dILM$dOCLCQ$dOCLCA$dNZHWP$dOCLCQ$dOCLCO$dUKMGB$dNZNAP$dNZBAL$dOCLCQ$dOCLCO
015 $aGBB616083$2bnb
016 7 $a017725745$2Uk
019 $a1019858388
020 $a1409145956$q(hardback)
020 $a9781409145950$q(hardback)
020 $a9781409146490$q(paperback)
020 $a1409146499$q(paperback)
020 $z9781409163626$q(ePub ebook)
035 $a(OCoLC)927402691$z(OCoLC)1019858388
043 $an-us-ny
050 14 $aPR9199.3$bB37135F
082 04 $a813.54$223
084 $aFIC030000$aFIC031000$2bisacsh
100 1 $aBarclay, Linwood,$eauthor.
245 10 $aFar from true /$cLinwood Barclay.
264 1 $aLondon :$bOrion Books,$c2016.
300 $a469 pages ;$c24 cm
336 $atext$btxt$2rdacontent
337 $aunmediated$bn$2rdamedia
338 $avolume$bnc$2rdacarrier
520 $aAfter the screen of a run-down drive-in movie theater collapses and kills four people, the daughter of one of the victims asks private investigator Cal Weaver to look into a recent break-in at her father's house. Cal discovers a hidden basement room where it's clear that salacious activities have taken place - as well as evidence of missing DVDs. But his investigation soon becomes more complicated when he realises the DVDs may contain something even more shocking. Meanwhile, Detective Barry Duckworth is still trying to solve two murders - one of which is three years old - he believes are connected, since each featured a similar distinctive wound. As the lies begin to unravel, Cal is headed straight into the heart of a dark secret as his search uncovers more startling truths about Promise Falls. And when yet another murder happens, Cal and Barry are both driven to pursue their investigations, no matter where they lead. Evil deeds long thought buried are about to haunt the residents of this town - as the sins of the past and present collide with terrifying results.
505 0 $aAfter the screen of a run-down drive-in movie theater collapses and kills four people, the daughter of one of the victims asks private investigator Cal Weaver to look into a recent break-in at her father's house. Cal discovers a hidden basement room where it's clear that salacious activities have taken place -- as well as evidence of missing DVDs. But his investigation soon becomes more complicated when he realises the DVDs may contain something even more shocking. Meanwhile, Detective Barry Duckworth is still trying to solve two murders -- one of which is three years old -- he believes are connected, since each featured a similar distinctive wound. As the lies begin to unravel, Cal is headed straight into the heart of a dark secret as his search uncovers more startling truths about Promise Falls. And when yet another murder happens, Cal and Barry are both driven to pursue their investigations, no matter where they lead. Evil deeds long thought buried are about to haunt the residents of this town -- as the sins of the past and present collide with terrifying results.
650 0 $aMurder$xInvestigation$vFiction.
650 0 $aPrivate investigators$vFiction.
650 0 $aSuspense fiction.
651 0 $aNew York (State)$vFiction.
650 7 $aMurder$xInvestigation.$2fast$0(OCoLC)fst01029788
650 7 $aPrivate investigators.$2fast$0(OCoLC)fst01077503
650 7 $aSuspense fiction.$2fast$0(OCoLC)fst01139687
651 7 $aNew York (State)$2fast$0(OCoLC)fst01210280
655 0 $aDetective and mystery stories.
655 4 $aThriller fiction.
655 7 $aDetective and mystery fiction.$2fast$0(OCoLC)fst01726581
655 7 $aFiction.$2fast$0(OCoLC)fst01423787
655 7 $aSuspense fiction.$2gsafd
655 7 $aDetective and mystery fiction.$2lcgft
776 08 $iEbook version :$z9781409163626
938 $aYBP Library Services$bYANK$n14700261
938 $aYBP Library Services$bYANK$n12665802
938 $aYBP Library Services$bYANK$n12910100
029 1 $aAU@$b000057009008
029 1 $aAU@$b000057060267
029 1 $aAU@$b000057190422
029 1 $aNZ1$b16204054
029 1 $aUKBOR$b137803834
029 1 $aUKDEL$b137803834
029 1 $aUKMGB$b017725745
029 1 $aUNITY$b137803834
994 $aZ0$bP4A
948 $hNO HOLDINGS IN P4A - 218 OTHER HOLDINGS